000 00883nac a22002657a 4500
001 BR8206899
003 BR-BrBNA
005 20240105115553.0
008 230509b bl.|||m| |||| 00| 0 por d
040 _aBR-BrBNA
_bpor
_cBiblioteca Nacional de Agricultura
072 _aJ11; E14
090 _a9205 BR8206899
110 1 _aCompanhia Brasileira de Armazenamento, Brasilia, DF (Brasil)
_92307
245 1 _aRelatorio de Atividades - 1982 [Companhia Brasileira de Armazenamento, Brasilia, Brasil]
260 3 _aBrasilia, DF (Brasil):
_c1983.
300 _a23 p.
490 _aRelatorio - Companhia Brasileira de Armazenamento (Brazil)
_v
_x
500 _a13 tables
650 _aARMAZENAMENTO
650 _aPOLITICA DE DESENVOLVIMENTO
650 _aDESENVOLVIMENTO ECONOMICO
650 _aGRAO
909 _a202312
_bLúcia Elande
_c55
_dLúcia Elande
942 _2AGRIS
_n0
_cMS
999 _c275367
_d275367